000 00445nam a22001577a 4500
999 _c17562
_d17562
003 OSt
005 20221109152748.0
008 221108b ||||| |||| 00| 0 eng d
040 _c0
100 _aAgcaoili, Lawrence.
_946678
245 _aBSP to roll out person-to-merchant QR transactions in Q4 /
260 _aPhilippines ;
_cFebruary 17, 2020.
_bThe Philippine Star,
300 _apage B3.
650 _aBusiness.
_946679
942 _2ddc
_cPER